01560nam a2200337 a 4500001001200000003000800012006001900020007001500039008004100054010001700095020001500112020001800127020002700145040002100172035002100193050002800214100001800242245013600260260005700396300001600453440003900469504006400508505021300572533015200785650003400937650002800971650005100999655002901050710001701079856012601096ebr10740836CaPaEBRm o u cr cn|||||||||130812s2013 enk sb 001 0 eng d z 2012277562 z1844656519 z9781844656516 z9781844656523 (e-book) aCaPaEBRcCaPaEBR a(OCoLC)85706248414aBX2347.8.W6bC63 2013eb1 aCoco, Angela.10aCatholics, conflicts and choicesh[electronic resource] :ban exploration of power relations in the Catholic Church /cAngela Coco. aDurham ;aBristol, Conn. :bAcumen Pub. Ltd.,c2013. avii, 247 p. 0aGender, theology, and spirituality aIncludes bibliographical references (p. 233-240) and index.0 aWhen this story began -- Growing up Catholic -- Thinking about experience -- Sharing knowledge -- Questioning the Catholic institution -- Managing one's self -- Catholic housework -- A most (un)natural order. aElectronic reproduction.bPalo Alto, Calif. :cebrary,d2013.nAvailable via World Wide Web.nAccess may be limited to ebrary affiliated libraries. 0aWomen in the Catholic Church. 0aLaityxCatholic Church. 0aAuthorityxReligious aspectsxCatholic Church. 7aElectronic books.2local2 aebrary, Inc.40uhttp://site.ebrary.com/lib/rucke/Doc?id=10740836zAn electronic book accessible through the World Wide Web; click to view